World Cup winners female Football - Statistics

General Stats
  • This quiz has been taken 491 times
  • The average score is 5 of 6
Answer Stats
Hint Answer % Correct
1991 USA
99%
1999 USA
99%
2003 Germany
90%
2007 Germany
90%
2011 Japan
80%
1995 Norway
58%
No matching quizzes found
Score Distribution
Percent of People with Each Score
Percentile by Number Answered
Your Score History
You have not taken this quiz